Statistics for Guess the Taylor Swift Song (no hints) 1

Click here to take the quiz!

General Stats

  • This quiz has been taken 296 times
  • The average score is 154 of 233

Answer Stats

Answer% Correct
I
100%
A
96%
a
96%
you
96%
the
95%
me
93%
me?
93%
it
90%
and
88%
And
88%
to
88%
Is
85%
be
84%
my
84%
love
83%
where
83%
In
82%
in
82%
do
81%
no
81%
No,
81%
I'm
79%
all
78%
too
76%
like
75%
What
75%
what
75%
of
74%
don't
73%
for
72%
With
71%
with
71%
how
70%
not
70%
but
69%
are
67%
Take
67%
out
64%
want
63%
went
63%
lakes
62%
one
62%
I've
61%
off,
61%
place
61%
die
60%
look
60%
poets
60%
'Cause
59%
over
58%
up
58%
These
57%
these
57%
belong,
55%
here
55%
Those
55%
should
54%
neither
53%
perfect
53%
some
53%
without
53%
cry
52%
romantic
52%
beloved,
51%
muse
51%
cut
49%
eulogize
49%
hunters
49%
peaks
49%
phones
49%
cell
48%
right
48%
come
47%
haven't
47%
heart
47%
Tell
47%
sad
46%
setting
46%
around
45%
grow
45%
watch
45%
elegies
44%
feet
44%
years
44%
cynical
43%
red
43%
Windermere
43%
auroras
42%
bare
42%
moved
42%
wisteria
42%
words
42%
far
41%
rose
41%
under
41%
clones
40%
grew
40%
prose
40%
tweet
40%
worth
40%
frozen
39%
ground
39%
hurt
39%
ice
39%
skin
39%
waves
39%
namedropping
38%
stopping
37%
cliffside
36%
sleaze
36%
bathe
35%
grief
35%
pools
35%
burrowed
34%
calamitous
33%
insurmountable
33%
While
28%

Score Distribution

Percentile by Number Answered

Percent of People with Each Score

Your Score History

You have not taken this quiz